00192 a2200097 450000100060000008200140000610000170002024500450003725000060008225600060008858724 a669.9 AVN aAvner, S. H. aIntroduction to physical metallurgy, 2/e a2 a2